| 000 | 01429cam a22003374a 4500 | ||
|---|---|---|---|
| 001 | 14410735 | ||
| 003 | ARRUPE | ||
| 005 | 20131220130226.0 | ||
| 008 | 060612s2006 nyuabf b 001 0 eng | ||
| 010 | _a 2006045662 | ||
| 020 | _a014303765X | ||
| 040 |
_aDLC _cDLC _dDLC |
||
| 042 | _apcc | ||
| 043 | _ae-sp--- | ||
| 050 | 0 | 0 |
_aDP269 _b.B374 2006 |
| 082 | 0 | 0 |
_a946.081 _222 |
| 100 | 1 |
_aBeevor, Antony, _d1946- _96198 |
|
| 245 | 1 | 4 |
_aThe battle for Spain : _bthe Spanish Civil War, 1936-1939 / _cAntony Beevor. |
| 260 |
_aNew York : _bPenguin Books, _c2006. |
||
| 300 |
_axxxii, 526 p. : _bill., maps, [24] p. of plates ; _c22 cm. |
||
| 500 | _aRev. ed. of The Spanish Civil War, published in 1982, Orbis Pub. | ||
| 504 | _aIncludes bibliographical references (p. [433]-449) and index. | ||
| 651 | 0 |
_aSpain _xHistory _yCivil War, 1936-1939. _96199 |
|
| 700 | 1 |
_aBeevor, Antony, _d1946- _tSpanish Civil War. _96200 |
|
| 856 | 4 | 1 |
_3Table of contents only _uhttp://www.loc.gov/catdir/toc/fy0611/2006045662.html |
| 856 | 4 | 2 |
_3Contributor biographical information _uhttp://www.loc.gov/catdir/enhancements/fy1007/2006045662-b.html |
| 856 | 4 | 2 |
_3Publisher description _uhttp://www.loc.gov/catdir/enhancements/fy1007/2006045662-d.html |
| 906 |
_a7 _bcbc _corignew _d1 _eocip _f20 _gy-gencatlg |
||
| 942 |
_2lcc _cMONOGRAPH |
||
| 999 |
_c119421 _d119421 |
||